Southeast Asian research tools Vietnam
Gorde:
| Egile nagusia: | |
|---|---|
| Formatua: | Liburua |
| Hizkuntza: | Undetermined |
| Argitaratua: |
Hawaii
Univ. of Hawaii
1979
|
| Gaiak: | |
| Etiketak: |
Etiketa erantsi
Etiketarik gabe, Izan zaitez lehena erregistro honi etiketa jartzen!
|
| Thư viện lưu trữ: | Trung tâm Học liệu Trường Đại học Cần Thơ |
|---|
| LEADER | 00477nam a2200169Ia 4500 | ||
|---|---|---|---|
| 001 | CTU_5177 | ||
| 008 | 210402s9999 xx 000 0 und d | ||
| 082 | |a 015.9597 | ||
| 082 | |b C847 | ||
| 100 | |a Michael G Cotter | ||
| 245 | 0 | |a Southeast Asian research tools Vietnam | |
| 245 | 0 | |c Michael G Cotter | |
| 260 | |a Hawaii | ||
| 260 | |b Univ. of Hawaii | ||
| 260 | |c 1979 | ||
| 650 | |a southeast asia,vietnam - geography | ||
| 980 | |a Trung tâm Học liệu Trường Đại học Cần Thơ | ||